Les figures du discours / (Record no. 141006)

MARC details
000 -LEADER
campo de control de longitud fija 00693nam a2200229 i 4500
001 - NÚMERO DE CONTROL
campo de control 141006
003 - IDENTIFICADOR DE NÚMERO DE CONTROL
campo de control ES-MaACL
005 - FECHA Y HORA DE LA ÚLTIMA TRANSACCIÓN
campo de control 20230906200212.0
007 - CAMPO FIJO DE DESCRIPCIÓN FÍSICA--INFORMACIÓN GENERAL
campo de control de longitud fija t|
008 - DATOS DE LONGITUD FIJA--INFORMACIÓN GENERAL
campo de control de longitud fija 070919s1968 fr ||||1| fre d
080 ## - NÚMERO DE LA CLASIFICACIÓN DECIMAL UNIVERSAL
Número de la Clasificación Decimal Universal 808
100 1# - ENTRADA PRINCIPAL--NOMBRE DE PERSONA
Nombre de persona Fontanier, Pierre.
9 (RLIN) 51618
245 14 - MENCIÓN DEL TÍTULO
Título Les figures du discours /
Mención de responsabilidad, etc. Pierre Fontanier ; introduction par Gérard Genette.
260 ## - PUBLICACIÓN, DISTRIBUCIÓN, ETC.
Lugar de publicación, distribución, etc. Paris :
Nombre del editor, distribuidor, etc. Flammarion,
Fecha de publicación, distribución, etc. [1968]
490 1# - MENCIÓN DE SERIE
Mención de serie Science. Science d'homme
500 ## - NOTA GENERAL
Nota general Biblioteca Jacinto Martínez Lacalle.
650 14 - PUNTO DE ACCESO ADICIONAL DE MATERIA--TÉRMINO DE MATERIA
Término de materia o nombre geográfico como elemento de entrada Retórica.
9 (RLIN) 16882
700 1# - ENTRADA AGREGADA--NOMBRE PERSONAL
Nombre de persona Genette, Gérard.
9 (RLIN) 56307
830 0# - PUNTO DE ACCESO ADICIONAL DE SERIE-TÍTULO UNIFORME
Título uniforme Science. Science d'homme
9 (RLIN) 220376
852 ## - LOCALIZACIÓN
Ubicación ES-MaACL
Número de control de estantería E-12155
Sublocalización o colección R.140057
Holdings
Estatus retirado Estado de pérdida Estado de daño No para préstamo Biblioteca de origen Biblioteca actual Ubicación en estantería Fecha de adquisición Fuente de adquisición Total de préstamos Signatura topográfica completa Código de barras Visto por última vez Precio de reemplazo Tipo de ítem Koha
        Biblioteca del Ateneo de Madrid Biblioteca del Ateneo de Madrid Depósito 2 17/01/2008     E-12155 1146723 23/02/2023 23/02/2023 Libro impreso